00643nam a2200241 a 4500001001300000003000900013005001700022008004100039020000900080082001800089100002200107245002400129260002500153300000900178500003500187505001000222650001900232700002200251902000800273942000700281952009800288999001500386nice12345678IN_TiNIC20260116012311.0050524s1991 dela grp 000 0 eng  ac9500a230.0954bPAT aPathil, Kuncheria aReligiousmpluralism aDelhi bISPCK c1991 a349p aincludes index and biblioraphy2 aIndex aTheology-India1 aPathil, Kuncheria bSRS cBK 00104070aHMIbHMId2007-06-13g95.00l0o230.0954 PATp014297r2007-06-13w2026-01-16yEB c6459d6459